| 000 | 01259nam0a2200313 4500 | ||
|---|---|---|---|
| 001 | RU\NLR\ONL1\4192 | ||
| 005 | 20250613114418.0 | ||
| 035 | _a(NLR Aleph) 009632945 | ||
| 090 |
_a9505442 _c9505442 |
||
| 100 | _a20041029d1932 |||y0rusy50 ca | ||
| 101 | 0 | _achm | |
| 102 | _aRU | ||
| 105 | _aa ||||||||| | ||
| 135 | _acrcn 024anaba | ||
| 200 | 1 |
_aИдалук мучко стройаш туналына _eТэлым стройымо нэргэн _f[Пер. К. С. Семенова] |
|
| 210 |
_aМ. _cНаркомтьажпром савыктыш _d1932 |
||
| 215 |
_a44,[2] с. _cил. _d20 |
||
| 325 | 1 | _aКопия доступна в электронной библиотеке РНБ | |
| 541 | 1 |
_aБудем строить круглый год _zrus |
|
| 700 | 1 |
_aМолчанов _bМ. _4070 |
|
| 801 | 0 |
_aRU _bNLR _c20041029 _gPSBO |
|
| 852 |
_aNLR _bОНЛ _jМар.л./2-773 |
||
| 901 | _eКнижные издания: ОНЛ | ||
| 942 | _cBOOK | ||
| 980 | _aNB | ||
| 981 | 2 | 3 |
_a(23) Национальные литературы _b(23) Книги на национальных языках |